000 00771nam a2200289Ia 4500
005 20260324123614.0
008 008 260324s9999 xx 000 0 eng d
020 _a9780240816265
037 _aEBOOK
040 _aCRL
040 _beng
040 _cCRL
041 _2eng
041 _aeng
084 _qCRL
100 _aRalph Lambrecht; Chris Woodhouse
_91170946
245 0 _aWay Beyond Monochrome 2e
245 0 _bAdvanced Techniques for Traditional Black & White Photography including digital negatives and hybrid printing
260 _bTaylor and Francis
260 _c2011
365 _a
365 _b230
856 _uhttp://www.taylorfrancis.com/books/9780240816265
942 _cEBOOK
999 _c1764620
_d1764620